00628cam a22002291 4500001001300000003000400013005001700017008004100034010001700075035002000092040001700112042001200129050001600141100002000157245004000177260003800217300004600255500004300301610001600344752002100360999001700381he 68001406 DLC20260227111458.0840306s1964 is 000 0 heb  ahe 68001406  a(OCoLC)19139519 aDLCcMHdDLC apremarc00aPN4057b.N41 aNedava, Joseph.10aNoʼamim mefursamim ba-hisṭoryah. aTel Aviv :bM. Mizraḥi,c[1964] a330 p. :bill., facsim., ports. ;c25 cm. aAdded t.p.: Famous orators in history.20aOratorians. aIsraeldTel Aviv c33288d33288